Najlepsi strzelcy wszechczasów Top 5 lig - piłka nożna - Statystyki

Ogólne statystyki
  • Ten quiz został rozwiązany 3 109 razy
    2 823 od ostatniego zresetowania
  • Średni wynik to 7 z 20
Statystyki odpowiedzi
Liga Kraj Lata Gole Piłkarz % Poprawnych
Portugalia 2009-2018 311 Cristiano Ronaldo
98%
La Liga Argentyna 2004-2021 474 Lionel Messi
98%
Polska 2010-2022 312 Robert Lewandowski
87%
Bundesliga Niemcy 1965-1979 365 Gerd Muller
78%
Francja 2015- 164 Kylian Mbappe
74%
Anglia 2012- 213 Harry Kane
69%
Francja 2009-2023 238 Karim Benzema
66%
Anglia 2002-2018 208 Wayne Rooney
64%
Premier League Anglia 1992-2006 260 Alan Shearer
48%
Włochy 1994-2017 250 Francesco Totti
34%
Anglia 1993-2008 187 Andy Cole
13%
Włochy 1929-1943, 1946-1947 / 1958-1976 216 Giuseppe Meazza/Jose Altafini
10%
Szwecja 1948-1958 225 Gunnar Nordahl
2%
Niemcy 1965-1978 220 Jupp Heynckes
2%
Niemcy 1968-1988 268 Klaus Fischer
2%
Hiszpania 1940-1955 251 Telmo Zarra
2%
Serie A Włochy 1930-1943, 1946-1954 274 Silvio Piola
1%
Francja 1969-1987 255 Bernard Lacombe
0%
Argentyna 1973-1980 179 Carlos Bianchi
0%
Ligue 1 Argentyna 1971-1986 299 Delio Onnis
0%
Nie znaleziono quizów pasujących do podanych kryteriów
Rozkład punktacji
Procent ludzi z każdym wynikiem
Percentyl według liczby udzielonych odpowiedzi
Twoja historia wyników
Nie rozwiązałeś tego quizu od ostatniego zresetowania